000 00634nam a2200277Ia 4500
005 20260324142951.0
008 008 260324s9999 xx 000 0 eng d
020 _a9780203136904
037 _aEBOOK
040 _aCRL
040 _beng
040 _cCRL
041 _2eng
041 _aeng
084 _qCRL
100 _aNeville Bennett; Clive Carre
_91213900
245 0 _aLearning to Teach
260 _bTaylor and Francis
260 _c1993
365 _a
365 _b230
856 _uhttp://www.taylorfrancis.com/books/9780203136904
942 _cEBOOK
999 _c1818728
_d1818728